Kapitán lesa
| Other Authors: | |
|---|---|
| Format: | Video DVD |
| Language: | Slovak Czech Hungarian |
| PhysicalDescription: | 1 videodisk (DVD) (70 min.) fareb., zvuk. Dostupné aj na videokazete |
| Published: |
Bratislava
Global Network Distribution [distribútor]
[2006]
|
| Subjects: |
MARC
| LEADER | 00000ngm a2200000 a 4500 | ||
|---|---|---|---|
| 001 | vtls008633882 | ||
| 003 | SK-MaSNL | ||
| 005 | 20260302042033.0 | ||
| 007 | vd cvaizs | ||
| 008 | 060323s2006 xo 070 a s vlslo | ||
| 015 | |a SNBJ2006/03-00700 | ||
| 028 | 4 | 2 | |a 88004 |b iP |
| 040 | |a SNK |b slo |c SNK |e AACR2 | ||
| 041 | 0 | |a slo |a cze |a hun | |
| 044 | |a xo |c SK | ||
| 072 | 7 | |a 791 |x Film. Cirkus. Ľudová zábava |2 konspekt | |
| 080 | |a (439) |2 2001 | ||
| 080 | |a (0.034.44) |2 2001 | ||
| 080 | |a 791.228 |2 2001 | ||
| 245 | 0 | 0 | |a Kapitán lesa |h videozáznam |c [réžia] Attila Dargay |
| 260 | |a Bratislava |b Global Network Distribution [distribútor] |c [2006] | ||
| 300 | |a 1 videodisk (DVD) (70 min.) |b fareb., zvuk. | ||
| 500 | |a Zvuk Dolby Digital; obraz PAL 4:3 | ||
| 530 | |a Dostupné aj na videokazete | ||
| 546 | |a Dabing slovenský, český a maďarský | ||
| 650 | 0 | 7 | |a animované filmy |2 SNKPH |9 3171 |
| 650 | 0 | 7 | |a filmové rozprávky |2 SNKPH |9 73150 |
| 655 | 7 | |a DVD |2 SNKPH |9 70751 | |
| 700 | 1 | |a Dargay, Attila |4 drt |9 310847 | |
| 776 | 1 | |t Kapitán lesa |w vtls008739683 | |
| 999 | |c 1081213 |d 1083143 | ||
| 952 | |a SNK |b SNK |y PREZ |7 0 |p 17A0503289 |o snkSDVD 68 |i snk2006/6232 |8 0 |0 0 |1 0 |4 0 |d 2006-03-23 |l 0 |r 2026-02-24 16:25:40 |w 2026-02-24 | ||


